Radioactive - Imagine Dragons Lyrics - Statistics

General Stats
  • This quiz has been taken 3,365 times
  • The average score is 29 of 34
Answer Stats
Lyrics Answer % Correct
Whoa, oh, ______ oh
96%
Whoa, oh, ______ oh
96%
Whoa, __, __, __, __, whoa, __, __, __, i'm radioactive, radioactive oh
96%
Whoa, __, __, __, __, whoa, __, __, __, i'm radioactive, radioactive oh
96%
Whoa, oh, oh, oh, oh, whoa, oh, oh, oh, i'm __________, __________ radioactive
95%
Woah, oh, oh, oh, oh, woah, oh, oh, oh, i'm ___________, __________ radioactive
95%
Whoa, oh, oh, oh, oh, whoa, oh, oh, oh, i'm ___________, ___________ radioactive
95%
Welcome to the ___ age, to the ___ age new
93%
_______ to the new age, to the new age Welcome
93%
_______ to the new age, to the new age Welcome
93%
_____, oh, oh Whoa
90%
W___ Whoa
90%
W_____ Whoa
90%
W___ Whoa
90%
____, oh, oh, oh, oh, ____, oh, oh, oh, i'm radioactive, radioactive Whoa
90%
I'm breaking in, shaping __, then checking out of the prison bus up
89%
I'm _________ up, I feel it in my bones waking
89%
Welcome to the new ___, to the new ___ age
88%
Welcome to the new ___, to the new ___ age
88%
This is it, the ______________ apocalypse
88%
This is it, ___ apocalypse the
87%
I'm _________ in the chemicals breathing
86%
Welcome __ ___ new age, __ ___ new age to the
84%
I'm waking up, I feel it in my _____ bones
83%
_______ to make my system blow Enough
82%
Enough __ ____ my systems blow to make
80%
Im ________ in, shaping up, then checking out on the prison bus breaking
78%
I wipe my brows I sweat my ____ rust
78%
It's a __________, I suppose revolution
77%
I'm waking up to ___ ___ ____ ash and dust
75%
We'll _____ it red, to fit right in paint
73%
All _______ go, the sun hasn't died systems
66%
____ in my bones, straight from inside Deep
64%
I raise my _____, don my clothes flags
36%
No matching quizzes found
Score Distribution
Percent of People with Each Score
Percentile by Number Answered
Your Score History
You have not taken this quiz